000 00675nam a2200217Ia 4500
003 GCL
008 140319s9999 xx 000 0 ara d
020 _a3176810977
040 _aGCL /
_cGCL
082 0 4 _a070.4832
_bم م
100 1 _aمرفت الطرابيشى
245 1 0 _aمدخل الى صحافة الاطفال /
_cمرفت الطرابيشى
250 _aالاولى
260 _aالقاهرة :
_bدار الفكر العربى ،
_c2003
300 _a288 ص ؛
_c28 سم
650 0 4 _aالصحافة
650 0 4 _aالصحافة العربية
650 0 4 _aالصحافة الغربية
650 0 4 _aصحافة الاطفال
942 _2ddc
_cBK
999 _c57106
_d57106